000 00431nam a22001577a 4500
005 20251108171137.0
008 250721s1988 xx 000 0 ara d
082 1 4 _aق/محم
100 1 _aالظاهر، محمد أحمد
245 1 0 _aأغرب الليالي /
264 1 _aعمان :
_bدار النهضة للنشر،
_c1988.
300 _a48ص
650 1 7 _aالأدب العربي
942 _2ddc
_cBK
999 _c57703
_d57703